[Event "Women's Speed Chess Q1"]
[Site "chess.com INT"]
[Date "2020.06.18"]
[Round "9"]
[White "Bouah, Denise"]
[Black "Swati, Mohota"]
[Result "0-1"]
[WhiteTitle "WIM"]
[BlackTitle "WFM"]
[WhiteElo "1770"]
[BlackElo "2027"]
[WhiteFideId "14300818"]
[BlackFideId "5006511"]
[EventDate "2020.06.18"]

1. e4 c6 2. d4 d5 3. Nd2 dxe4 4. Nxe4 Nd7 5. Nf3 Ngf6 6. Bd3 Nxe4 7. Bxe4 Nf6 8.
Bd3 Bg4 9. c3 e6 10. O-O Be7 11. h3 Bh5 12. Be2 O-O 13. Re1 c5 14. dxc5 Qxd1 15.
Bxd1 Bxc5 16. Nd4 Bxd4 17. cxd4 Bxd1 18. Rxd1 Nd5 19. Be3 Rac8 20. Rac1 f6 21.
Rc5 b6 22. Rcc1 Kf7 23. a3 Ke7 24. Kf1 Kd7 25. Ke2 h6 26. Kd3 f5 27. Bd2 g5 28.
h4 Rxc1 29. Bxc1 Rg8 30. hxg5 hxg5 31. Rh1 Rg7 32. Bd2 Kd6 33. Rh5 g4 34. Rh6
Rc7 35. Rh8 Kc6 36. Bg5 Kb5 37. Bd8 Rc8 38. Bf6 Nf4+ 39. Kd2 Rxh8 40. Bxh8 Nxg2
41. Be5 Nh4 42. Ke3 Ng6 43. Bb8 a5 44. Kd3 Kc6 45. Kc4 b5+ 46. Kd3 Kd5 47. b3
Nh4 48. a4 bxa4 49. bxa4 Ng2 50. Bc7 Ne1+ 51. Ke2 Nc2 52. Kd3 Nb4+ 53. Kc3 Nc6
54. Kd3 e5 55. dxe5 Nxe5+ 56. Ke3 Nc4+ 57. Kf4 Ke6 58. Bd8 Nb2 59. f3 gxf3 60.
Kxf3 Nxa4 61. Bxa5 Nc5 62. Bd2 Nd3 63. Be3 Ke5 64. Bd2 Nc5 65. Be3 Ne6 66. Bd2
Kf6 67. Be3 Kg6 68. Bd2 Kh5 69. Be3 Kg6 70. Bd2 Nd4+ 71. Ke3 Nb3 72. Be1 Kg5 73.
Kf3 Nd4+ 74. Kg3 f4+ 75. Kg2 Kg4 76. Kf2 Nc2 77. Bd2 f3 78. Bc1 Nb4 79. Be3 Nd3+
80. Kf1 Kg3 81. Kg1 Ne5 82. Bd4 Ng4 83. Bc5 Nf6 84. Bd4 Ne4 85. Bb6 Nc3 86. Bc5
Ne2+ 87. Kf1 Nf4 88. Kg1 Nh3+ 89. Kf1 Ng5 90. Kg1 Ne4 0-1